00334nam a2200121Ia 4500008004100000041000800041082001500049100002200064245004500086260004200131300003000173365000900203240624s9999 xx 000 0 und d aeng a332.63 MAY aMAYER CHRISTOPHER aINVEST LIKE A DEALMAKER SECRETS FROM A F c2008aNew JerseybJohn Wiley and Sons axv, : 222 : p. : cm. ; 23 cb30